Systém verejnej správy a financovanie územnej samosprávy v pobaltských krajinách

Charakteristika a systémy verejnej správy a územnej samosprávy v troch pobaltských krajinách - Litva, Estónsko, Lotyšsko a Bielorusko. Analýza hlavných rozdielov medzi vybranými krajinami a Slovenskom.

Guardado en:
Detalles Bibliográficos
Autor principal: Neupauerová, Zuzana
Formato: Capítulo de libro
Lenguaje:eslovaco
Materias:
Etiquetas: Agregar Etiqueta
Sin Etiquetas, Sea el primero en etiquetar este registro!

MARC

LEADER 00000nla a2200000 4500
001 0181067
005 20240530124839.4
041 0 |a slo 
044 |a CZ 
245 1 0 |a Systém verejnej správy a financovanie územnej samosprávy v pobaltských krajinách  |c Zuzana Neupauerová 
520 |a Charakteristika a systémy verejnej správy a územnej samosprávy v troch pobaltských krajinách - Litva, Estónsko, Lotyšsko a Bielorusko. Analýza hlavných rozdielov medzi vybranými krajinami a Slovenskom. 
610 2 0 |a Estónsko 
610 2 0 |a Lotyšsko 
610 2 0 |a Litva 
610 2 0 |a Bielorusko 
610 2 0 |a správa verejná 
610 2 0 |a samospráva 
610 2 0 |a financie komunálne 
610 2 0 |a manažment verejnej správy 
100 1 |a Neupauerová, Zuzana